| 000 | 01012nam a2200193 a 4500 | ||
|---|---|---|---|
| 001 | 39744 | ||
| 005 | 20180714013405.0 | ||
| 008 | 140415s1999 mx 000 0 spa d | ||
| 020 | _a9688633720 | ||
| 041 | _aspa | ||
| 082 |
_a322.2097248 _bFRA |
||
| 100 | 1 | _aFRAILE GARCIA, FRANCISCO ANTONIO | |
| 245 | 1 | 0 | _aY LOS OBREROS ¿ QUE ? |
| 250 | _a1a ed. | ||
| 260 |
_aMEXICO : _bBENEMERITA UNIVERSIDAD AUTONOMA DE PUEBLA, _c1999 |
||
| 300 |
_a201 _cx 14 x 21 |
||
| 520 | _aY LOS OBREROS QUE ES UNA OBRA QUE PLASMA LO QUE EL SINDICATO DE VOLKSVAGEN HA SIDO A LO LARGO DE SU HISTORA, PARA ELLO , EL AUTOR HIZO EL SEGUIMIENTO PERIODISTICO QUE NOS HACE COMPRENDER COMO FUERON SUCEDIENDO LAS NEGOCIACIONES ENTRE SINDICATO Y EMPRESA LAS PROPUESTA DE PROGRAMAS DE DESARROLLO SINDICAL Y COMO LAS ELECCIONES Y DESICIONES DENTRO Y FURA DEL SINDICATO BENEFICIARON O PRERJUDICARON A LOS TRABAJADORES. | ||
| 650 | 1 | 4 |
_aINDUSTRIA AUTOMOTRIZ _xOBREROS _xMEXICO _xRELACIONES LABORALES _xSINDICALISMO _xOBREROS _xPUEBLA |
| 999 |
_c39744 _d39744 |
||